| 000 -LEADER |
| fixed length control field |
00805cam a2200265 a 4500 |
| 001 - CONTROL NUMBER |
| control field |
6996 |
| 003 - CONTROL NUMBER IDENTIFIER |
| control field |
BD-DhUAP |
| 005 - DATE AND TIME OF LATEST TRANSACTION |
| control field |
20201224143824.0 |
| 008 - FIXED-LENGTH DATA ELEMENTS--GENERAL INFORMATION |
| fixed length control field |
201220s2001 nyuabf b f000 0 eng |
| 020 ## - INTERNATIONAL STANDARD BOOK NUMBER |
| International Standard Book Number |
0072346655 |
| 020 ## - INTERNATIONAL STANDARD BOOK NUMBER |
| International Standard Book Number |
0471328235 |
| 040 ## - CATALOGING SOURCE |
| Original cataloging agency |
BD-DhUAP |
| Transcribing agency |
BD-DhUAP |
| Modifying agency |
BD-DhUAP |
| Language of cataloging |
Eng |
| 082 ## - DEWEY DECIMAL CLASSIFICATION NUMBER |
| Classification number |
657 KIN |
| Edition number |
23 |
| 100 ## - MAIN ENTRY--PERSONAL NAME |
| Personal name |
King, Thomas E. |
| 245 ## - TITLE STATEMENT |
| Title |
Financial accounting : |
| Remainder of title |
a decision-making approach / |
| Statement of responsibility, etc. |
Thomas E. King, Valdean C. Lembke and John H. Smith. |
| 250 ## - EDITION STATEMENT |
| Edition statement |
2nd ed. |
| 260 ## - PUBLICATION, DISTRIBUTION, ETC. |
| Place of publication, distribution, etc. |
New York : |
| Name of publisher, distributor, etc. |
John Wiley, |
| Date of publication, distribution, etc. |
©2001. |
| 300 ## - PHYSICAL DESCRIPTION |
| Extent |
xxiii, 711 pages : |
| Other physical details |
illustrations ; |
| Dimensions |
26 cm. |
| 500 ## - GENERAL NOTE |
| General note |
Includes index. |
| 650 ## - SUBJECT ADDED ENTRY--TOPICAL TERM |
| Topical term or geographic name entry element |
Accounting. |
| 700 ## - ADDED ENTRY--PERSONAL NAME |
| Personal name |
Lembke, Valdean C. |
| 700 ## - ADDED ENTRY--PERSONAL NAME |
| Personal name |
Smith, John H. |
| 942 ## - ADDED ENTRY ELEMENTS (KOHA) |
| Source of classification or shelving scheme |
|
| Koha item type |
Book |